Quizzes
Events
Quiz Creation
Community
Videos
Private Events
Remove Ads
Sign In
Join for FREE
Feedback
Dark Mode
Quiz Categories
Sports
Geography
Music
Movies
Television
Just For Fun
Miscellaneous
History
Literature
Language
Science
Gaming
Entertainment
Religion
Holiday
For Kids
Quiz Lab
Recent
Popular Today
Quiz Kudos Today
Editor Picks
Curator Picks
Quizzes by...
Day
Popularity
Type
Ratings
Length
Year
Community
Subscriptions
Recent Discussions
Orange Saloon
Badges
Playlists
Quests
Create
Leaderboards
Showdown
Live 5
Trivia Bingo
Activity
Puzzle Library
Sporcle Events
Private Events
Virtual Trivia
Globe League
Become a Host
Pub Owners
SporcleCon
Opinionation
Our Games
Videos
Blog
Mobile Apps
Partnerships
Remove Ads and Go Orange
Feedback
Television
TV Characters
TV Show
Sitcom
Network
Friends
Reality Shows
Cast
South Park
Star Trek
The Simpsons
Doctor Who
Television
TV Characters
TV Show
Sitcom
Network
Friends
Reality Shows
Cast
South Park
Star Trek
The Simpsons
Doctor Who
Random Quiz
Search Sporcle
×
Quiz Lab
Quiz Lab
Television
Show
Type in answers that appear in a list
Type in answers that appear in a list
Classic
Best Score? Go Orange.
Nicktoons Trivia Stats
Can you name the answers in the following Nicktoon trivia game?
By
vogz
5m
16 Questions
1,057 Plays
1,057 Plays
1,057 Plays
Comments
Comments
Give Quiz Kudos
Give Quiz Kudos
-
- Ratings
hide this ad
Replay
Link that replays current quiz
Next Quiz
Link to next quiz in quiz playlist
You Got
0%
They Got
Avg Score
36%
Avg Friend Score
Upgrade to see
Score Distribution
Jump to the score distribution portion of the page
Score
0/16
Timer
05:00
0
Plays Today
Question
Answer
% Correct
What is the name of Angelica's doll?
Cynthia
74.4%
What does Krumm hold in his hands?
eyes
67%
Who does Tim Curry voice for?
Nigel Thornberry
59.9%
What number does Gerald wear on his shirt?
33
54.2%
What is Twister's real first name?
Maurice
47.5%
What is Skeeter's last name?
Valentine
44.4%
Yahoo Soda chooses who to be the star of their new commercials?
Stinky Peterson
36.8%
What is the name of the mouse?
Winslow
30.4%
Question
Answer
% Correct
Fill in the blank: Powdered _
_
_
_
_
_
_
_
_
Man
Toast
29.8%
What is the name of the Frank Sinatra-
like characters on Hey Arnold?
Dino Spumoni
27.3%
What is the name of the caveman and alien?
Prometheus and Bob
27.3%
What is the name of the burger joint Ray Rocket owns?
Shore Shack
27.2%
The Fairly Oddparents originated on what show?
Oh Yeah! Cartoons
21.3%
What is the name of the 'devil' figure in Heck?
Peaches
13.5%
What is the name of Ed Bighead's son?
Ralph Bighead
12.4%
What is Doug's teacher's name?
Mrs. Wingo
11.6%
Quiz Playlist
Details
Report
Send in Message
Add To Playlist
Classic:
Type in answers that appear in a list
Last Updated: Dec 12, 2018
Quiz Scoreboard
CHALLENGE
Sign Up to Join the Scoreboard
Show All
Scores
Hide
Comments
May contain spoilers
Recently Published
An Introduction to Baseball
by treessimontrees
Sports
5m
Movies - When Are They Set?
by FPL_Elf
Movies
5m
Popular People in 1961
by mucciniale
History
6m
More to Explore
Quiz From the Vault
Featured Blog Post
Where Did the Easter Bunny Come From?
hide this ad
You Might Also Like...
Tags
Show Quiz
Nickelodeon
Today's Top Quizzes in Television
Browse Television
hide this ad
Today's Top Quizzes in Show
Browse Show
Top Contributed Quizzes in Television
1
One Piece Logic Puzzle
2
Survivor Logic Puzzle: Heroes vs. Villains
3
Survivor Seasons
4
Survivor Season by Logo
5
5-to-1: The Simpsons Families
6
Survivor Trivia
7
One Thing in Common: Television
8
Who Wants to Be a Millionaire?
9
Survivor Logic Puzzle: Winners at War
10
Ultimate Survivor Logic Puzzle
Explore More
Trending Topics
Disney
Harry Potter
Anime
Marvel
NBA
Crossword
Kpop
Country
Puzzle
Song
WWE
Pokémon
NFL
Soccer
The Office
hide this ad
More By:
vogz
Quiz
Plays
Rating
Category
Featured
Created
Nicktoons Trivia
1,057
5.00
Television
Oct 6, 2009
Internet Treasure Hunt
440
2.55
Just For Fun
Oct 24, 2009
Sporcle's Easiest Games
96
1.73
Gaming
Sep 26, 2009
Nabisco Brands
76
5.00
Miscellaneous
Sep 26, 2009
Sporcle's Hardest Quizzes (as of 9/26/09)
8
3.80
Gaming
Sep 26, 2009
Go to Creator's Profile
Score Distribution
Quiz Creator Spotlight
vogz
Follow
Send a Message
Quizzes Created
-
Created Quiz Play Count
-
More By This Creator
Popular Quizzes Today
1
Find the Countries of Europe - No Outlines Minefield
2
Find the US States - No Outlines Minefield
3
The Countries of the World
4
Popular People in 1961
5
US States
6
1-10 Letter E Words III
7
Find the US States
8
One Thing in Common: World Cities II
More Television Quizzes
Find the B TV Series
Curator's Pick
Trending Quizzes
Risky Map Clicking: Least Populous States A-Z
1-10 Letter F Words
1-10 Letter G Words
One Thing in Common: United Kingdom
Risky Map Clicking: Next State Alphabetically
Recently Updated
Leaping Animals
pecheneg
Reality TV Shows (A-Z)
bhenderson79
Rickey Henderson's Hall of Fame Teammates
pecheneg
Champions League XIs: Arsenal
pecheneg
Quick Pick: Celebrities in WWE's Hall of Fame
aduchscher
A-Z Keypad Blitz II
pecheneg
Multiple Oscar Actors
pecheneg
Mystery Phrase Blitz: Oscar 'Best Actors'
pecheneg
F. Scott Fitzgerald Novels
LTH
Pick 3 Villains
ddd62291
Trending Topics
NBA
Disney
Anime
Harry Potter
Marvel
Crossword
Kpop
Song
Puzzle
Country
The Office
WWE
NFL
Pokémon
Soccer
Your Account Isn't Verified!
In order to create a playlist on Sporcle, you need to verify the email address you used during registration. Go to your
Sporcle Settings
to finish the process.
Report this User
Report this user for behavior that violates our
Community Guidelines
.
Details:
Send Report
Go to the Sporcle.com Mobile Site →
Comments